Quizzes
Events
Quiz Creation
Community
Videos
Private Events
Remove Ads
Sign In
Join for FREE
Feedback
Dark Mode
Quiz Categories
Sports
Geography
Music
Movies
Television
Just For Fun
Miscellaneous
History
Literature
Language
Science
Gaming
Entertainment
Religion
Holiday
For Kids
Quiz Lab
Recent
Popular Today
Quiz Kudos Today
Editor Picks
Curator Picks
Quizzes by...
Day
Popularity
Type
Ratings
Length
Year
Community
Subscriptions
Recent Discussions
Orange Saloon
Badges
Playlists
Quests
Create
Leaderboards
Showdown
Live 5
Trivia Bingo
Activity
Puzzle Library
Sporcle Events
Private Events
Virtual Trivia
Globe League
Become a Host
Pub Owners
SporcleCon
Opinionation
Our Games
Videos
Blog
Mobile Apps
Partnerships
Remove Ads and Go Orange
Feedback
Sports
Athletes
MLB
NBA
NHL
NFL
Soccer
Sports Teams
WWE
NCAA
Football
Premier League
Basketball
Baseball
Hockey
Golf
Tennis
Cricket
Rugby
Auto Racing
Olympics
World Cup
Sports
Athletes
MLB
NBA
NHL
NFL
Soccer
Sports Teams
WWE
NCAA
Football
Premier League
Basketball
Baseball
Hockey
Golf
Tennis
Cricket
Rugby
Auto Racing
Olympics
World Cup
Random Quiz
Search Sporcle
×
Quiz Lab
Quiz Lab
Sports
NBA
Type in answers that appear in a list
Type in answers that appear in a list
Classic
Best Score? Go Orange.
2013-2014 NBA Season Stats
Can you name the 2013-2014 NBA Season
By
Camden10
10m
20 Questions
70 Plays
70 Plays
70 Plays
Comments
Comments
Give Quiz Kudos
Give Quiz Kudos
-
- Ratings
hide this ad
Replay
Link that replays current quiz
Next Quiz
Link to next quiz in quiz playlist
You Got
0%
They Got
Avg Score
75%
Avg Friend Score
Upgrade to see
Score Distribution
Jump to the score distribution portion of the page
Score
0/20
Timer
10:00
0
Plays Today
Hint
Answer
% Correct
Who Won THE 2013-
2014 Finals
San Antonio Spurs
88.6%
What Team Lose The Finals
Miami Heat
88.6%
Who Won Rookie of the Year
Michael-Carter-Williams
88.6%
Who Had the Best Road Record
San Antonio Spurs
88.6%
Who Had Best Record
San Antonio Spurs
88.6%
Who Won Finals MVP
Kawhi Leonard
87.1%
Who Won MVP
Kevin Durant
85.7%
What Team Had A 23 Game Losing Streak
Philadelphia 76ers
82.9%
Who Had The Worst Record
Milwaukee Bucks
82.9%
Who Led The NBA in Assist
Chris Paul
80%
Hint
Answer
% Correct
Who Beat The Houston Rockets In the First Round
Portland Trail Blazers
80%
What Owner Was Banned For Life From NBA
Donald Sterling
77.1%
Who Was The 1st Pick in The 2014 Draft
Andrew Wiggins
77.1%
Who Was 48-
34 and missed The Playoffs
Phoenix Suns
77.1%
Who Was the 1st Seed in the East
Indiana Pacers
74.3%
Who Had the Best Home Record
Indiana Pacers
74.3%
Who Led The Lakers In Scoring
Nick Young
68.6%
How Many Game 7's Were in the Playoffs
Five
50%
Who Won The All Star Game
East All Stars
34.3%
Who was 5th In Scoring in the NBA
Lamarcus Aldridge
31.4%
Quiz Playlist
Details
Report
Send in Message
Add To Playlist
Classic:
Type in answers that appear in a list
Last Updated: Feb 16, 2017
Quiz Scoreboard
CHALLENGE
Sign Up to Join the Scoreboard
Show All
Scores
Hide
Comments
May contain spoilers
Recently Published
Movies - When Are They Set?
by FPL_Elf
Movies
5m
Popular People in 1961
by mucciniale
History
6m
1-10 Letter E Words III
by El_Dandy
Language
2m
More to Explore
Quiz From the Vault
Featured Blog Post
Where Did the Easter Bunny Come From?
hide this ad
You Might Also Like...
Tags
NBA Quiz
NBA All-Star
NBA Finals
NBA MVP
NBA Playoffs
Today's Top Quizzes in Sports
Browse Sports
hide this ad
Today's Top Quizzes in NBA
Browse NBA
Top Contributed Quizzes in Sports
1
Les meilleurs buteurs des matchs entre le PSG et l’OM
2
2022 World Cup Stars
3
FIFA Club World Cup Champions
4
Les entraîneurs de l'OM et du PSG au 21e siècle
5
Name the Premier League winners with different clubs
6
La finale Lions - Afrique du Sud 2021
7
Criteria MLB: Left Handed Sluggers
8
Les joueurs passés par le LOSC et le RC Lens
9
Players with Multiple 50 Home Run Seasons
10
MLB Players with Two .350 Batting Average Seasons
Explore More
Trending Topics
Marvel
Disney
Anime
NBA
Kpop
Harry Potter
Crossword
Pokémon
NFL
Puzzle
The Office
Soccer
Song
Country
WWE
hide this ad
More By:
Camden10
Quiz
Plays
Rating
Category
Featured
Created
Lebron James Trivia
232
1.00
Sports
Jul 11, 2014
2013-2014 NBA Season
70
2.00
Sports
Jun 27, 2014
Athletes Colleges
63
Sports
Jul 22, 2014
Athletes Teams
27
1.00
Sports
Jul 17, 2014
Go to Creator's Profile
Score Distribution
Quiz Creator Spotlight
Camden10
Follow
Send a Message
Quizzes Created
-
Created Quiz Play Count
-
More By This Creator
Popular Quizzes Today
1
Find the Countries of Europe - No Outlines Minefield
2
Find the US States - No Outlines Minefield
3
The Countries of the World
4
Popular People in 1961
5
US States
6
1-10 Letter E Words III
7
Find the US States
8
One Thing in Common: World Cities II
More Sports Quizzes
Odd Color Out: MLB Logos
Published
Trending Quizzes
Risky Map Clicking: Least Populous States A-Z
1-10 Letter F Words
1-10 Letter G Words
One Thing in Common: United Kingdom
Risky Map Clicking: Next State Alphabetically
Recently Updated
Leaping Animals
pecheneg
Reality TV Shows (A-Z)
bhenderson79
Rickey Henderson's Hall of Fame Teammates
pecheneg
Champions League XIs: Arsenal
pecheneg
Quick Pick: Celebrities in WWE's Hall of Fame
aduchscher
A-Z Keypad Blitz II
pecheneg
Multiple Oscar Actors
pecheneg
Mystery Phrase Blitz: Oscar 'Best Actors'
pecheneg
F. Scott Fitzgerald Novels
LTH
Pick 3 Villains
ddd62291
Trending Topics
Crossword
Marvel
Anime
Disney
Kpop
Harry Potter
NBA
Song
Soccer
NFL
The Office
WWE
Country
Puzzle
Pokémon
Your Account Isn't Verified!
In order to create a playlist on Sporcle, you need to verify the email address you used during registration. Go to your
Sporcle Settings
to finish the process.
Report this User
Report this user for behavior that violates our
Community Guidelines
.
Details:
Send Report
Go to the Sporcle.com Mobile Site →
Comments